000 nam a22 7a 4500
999 _c7923
_d7923
008 171109b xxu||||| |||| 00| 0 eng d
100 _94387
_aNCERT
245 _aCHEMISTRY LABORATRY MANUAL -XII
260 _aNEW DELHI
_bNCERT
_c2017